Detalles MARC
| 000 -LEADER |
| fixed length control field |
01071nam a2200289 a 4500 |
| 001 - CONTROL NUMBER |
| control field |
|
| 003 - CONTROL NUMBER IDENTIFIER |
| control field |
OSt |
| 005 - DATE AND TIME OF LATEST TRANSACTION |
| control field |
20220208120038.0 |
| 008 - FIXED-LENGTH DATA ELEMENTS--GENERAL INFORMATION |
| fixed length control field |
100519s2010 dr 001 0 spa d |
| 020 ## - INTERNATIONAL STANDARD BOOK NUMBER |
| International Standard Book Number |
9789945020915 |
| 040 ## - CATALOGING SOURCE |
| Original cataloging agency |
DO-SdBNP |
| Language of cataloging |
spa |
| Transcribing agency |
BPMSU |
| 082 ## - DEWEY DECIMAL CLASSIFICATION NUMBER |
| Classification number |
RD863.4409 |
| Item number |
V145c 2010 |
| Edition number |
22 |
| 100 1# - MAIN ENTRY--PERSONAL NAME |
| Personal name |
Valdez, Diógenes, |
| Dates associated with a name |
1941- |
| 245 10 - TITLE STATEMENT |
| Title |
Cuatro aspectos sobre la literatura de Juan Bosch / |
| Statement of responsibility, etc. |
Diógenes Valdez. |
| 260 ## - PUBLICATION, DISTRIBUTION, ETC. (IMPRINT) |
| Place of publication, distribution, etc. |
Santo Domingo : |
| Name of publisher, distributor, etc. |
Archivo General de la Nación, |
| Date of publication, distribution, etc. |
2010. |
| 300 ## - PHYSICAL DESCRIPTION |
| Extent |
255 p. ; |
| Dimensions |
23 cm. |
| 490 1# - SERIES STATEMENT |
| Series statement |
Archivo General de la Nación |
| Volume/sequential designation |
105 |
| 500 ## - GENERAL NOTE |
| General note |
Incluye datos biográficos del autor en solapa de la cubierta. |
| 500 ## - GENERAL NOTE |
| General note |
Incluye referencias bibliográficas y notas al pie de las páginas. |
| 590 ## - LOCAL NOTE (RLIN) |
| Local note |
Inventariado, 2022/VM |
| 600 14 - SUBJECT ADDED ENTRY--PERSONAL NAME |
| Personal name |
Bosch, Juan, |
| Dates associated with a name |
1909-2001 |
| General subdivision |
Crítica e interpretación. |
| 650 #4 - SUBJECT ADDED ENTRY--TOPICAL TERM |
| Topical term or geographic name as entry element |
Literatura dominicana |
| General subdivision |
Historia y crítica |
| 650 #4 - SUBJECT ADDED ENTRY--TOPICAL TERM |
| Topical term or geographic name as entry element |
Cuentos dominicanos |
| General subdivision |
Historia y crítica |
| 710 2# - ADDED ENTRY--CORPORATE NAME |
| Corporate name or jurisdiction name as entry element |
Archivo General de la Nación (República Dominicana) |
| 910 ## - USER-OPTION DATA (OCLC) |
| User-option data |
VMateo V. |
| 942 ## - ADDED ENTRY ELEMENTS (KOHA) |
| Source of classification or shelving scheme |
Dewey Decimal Classification |
| Koha item type |
Libros |